Largest Cities in Asia Beginning With 'E', 'O' or 'U' - Statistics

General Stats
  • This quiz has been taken 256 times
    149 since last reset
  • The average score is 7 of 18
Answer Stats
# Population Country Answer % Correct
1 17,700,000 Japan Ōsaka
96%
4 1,470,000 Mongolia Ulaanbaatar
91%
6 1,140,000 Iraq Erbil
76%
2 3,875,000 China Ürümqi
76%
7 1,130,000 Russia Omsk
73%
3 2,175,000 Japan Okayama
49%
8 1,090,000 South Korea Ulsan
47%
5 1,150,000 China Èzhōu
34%
9 789,023 Turkey Eskişehir
28%
16 437,565 Russia Ulan-Udè
19%
17 422,636 Turkey Erzurum
16%
14 475,614 Japan Ōita
13%
10 736,224 Iran Urmia
12%
18 387,072 Turkey Elâzığ
11%
15 474,531 India Udaipur
11%
13 515,215 India Ujjain
10%
11 521,891 India Erode
9%
12 518,757 Japan Utsunomiya
9%
No matching quizzes found
Score Distribution
Percent of People with Each Score
Percentile by Number Answered
Your Score History
You have not taken this quiz since the last reset